| 000 | 00347nam a2200145Ia 4500 | ||
|---|---|---|---|
| 008 | 150201s1957 xx 000 0 und d | ||
| 082 |
_a617.6 _bO1957S |
||
| 100 | _aSTONES | ||
| 245 | _aORAL & DENTAL DISEASE | ||
| 250 | _a3RD | ||
| 260 |
_bE & S PUBLICATION _aLIVINGSTONE _c1957 |
||
| 300 | _a1-1020 | ||
| 650 | _aORAL MEDICINE | ||
| 942 |
_2ddc _cBK |
||
| 999 |
_c4347 _d4347 |
||